00789nam a22002177a 450000500170000001000150001702000260003203500140005803700090007208200110008110000280009224500710012025000060019126000410019727000880023830000190032670000350034594200220038099900190040295201500042120250707144740.0 aENG-145756 a9789361592041c380.00 aEN-129288 bDBAD a54021 aGupta, Shalendra982689 aNTA CUET UG 2025:bEconomics/cShalendra Gupta [and] Prashant Jain a1 aNoidabPearson India Educationc2025 a15th Floor, Towe-B, World Trade Tower, Plot No.1, Block-C, Sector-16bNoidae201301 avpp.c23cm(pb) aJain, Prashant eAuthor982690 2ddccENh540mGUP c212178d212178 001040708NFICaMbMd2025-07-07eDelivery of Books Act Divisiong380.00l0o540 GUPpEN-129288r2025-07-07 00:00:00t1v380.00w2025-07-07yEN